• 首页
  • 本馆介绍
  • 公告通知
  • 最新文献
  • 馆藏检索
  • 电子资源
  • 读者导购
  • 参考咨询
  • 我的图书馆
  • 登录
  • 详细信息显示
  • 放入我的书架
  • 预约/预借图书
  • 作者相关作品
  • 分类相关作品
  • 丛书相关作品
  • 出版社相关作品

书目信息

  • 表格格式
  • 工作单格式
  • 卡片格式
题名:
肖邦钢琴作品全集
    
 
作者: 肖邦 作曲 ;艾凯尔 , 朱建中 编订
分册: 2   练习曲
出版信息: 上海   上海音乐出版社  2013
页数: 190页
开本: 31cm
丛书名:
单 册:
中图分类: J657.41 , J657.411
科图分类:
主题词: 钢琴谱--波兰--近代--选集 , 钢琴谱--练习曲--波兰--近代--选集
电子资源:
ISBN: 978-7-80667-826-8
000 01189ncm0 2200313 450
001 339820
005 20150608155237.64
010    @a978-7-80667-826-8@dCNY52.00
100    @a20100322d2009 em y0chiy50 ea
101 1  @achi@cpol
102    @aCN@b310000
105    @aa z 000yy
106    @ar
200 1  @a肖邦钢琴作品全集@Axiao bang gang qin quan ji@h2@i练习曲@iEtudes@d= Urtext Chopin@e波兰国家版@e弗雷德里克·肖邦作品集@enational edition@eworks of Fryderyk Chopin@f扬·艾凯尔(Jan Ekier) @g朱建中[等]译@zeng
205    @a第2版
210    @a上海@c上海音乐出版社@d2013
215    @a190页@c照片@d31cm
304    @a译者还有:王嘉、杨宁、周河清
305    @a波兰音乐出版有限公司提供版权
510 1  @aUrtext Chopin@enational edition@eworks of Fryderyk Chopin@h2@ietudes@zeng
606 0  @a钢琴谱@y波兰@z近代@j选集
606 0  @a钢琴谱@x练习曲@y波兰@z近代@j选集
690    @aJ657.41@v5
690    @aJ657.411@v5
701  0 @c(波)@a肖邦@Axiao bang@c(Chopin, Frederic Francois@f1810 1849.10)@4作曲
702  0 @c(波)@a艾凯尔@Aai kai er@c(Ekier, Jan)@4编订
702  0 @a朱建中@Azhu jian zhong@c(音乐)@4译
801  0 @aCN@b卓展宏图@c20150525
905    @dJ657.41@e564:2=2@f2
    
    肖邦钢琴作品全集.2.练习曲.Etudes= Urtext Chopin:波兰国家版:弗雷德里克·肖邦作品集:national edition:works of Fryderyk Chopin/扬·艾凯尔(Jan Ekier) /朱建中[等]译.-第2版.-上海:上海音乐出版社,2013
    190页:照片;31cm
    
    
    ISBN 978-7-80667-826-8:CNY52.00
    
●
相关链接 在E读中查询图书 在五车中查询图书 在当当中查询图书 在豆瓣中查询图书


正题名:肖邦钢琴作品全集     索取号:J657.41/564:2=2         预约/预借

序号 登录号 条形码 馆藏地/架位号 状态 备注
1 864170   208641709   第一样本阅览室/ [索取号:J657.41/564:2=2] 在馆    
2 864171   208641718   第一借阅区/ [索取号:J657.41/564:2=2] 在馆    
唐山师范学院图书馆 欢迎您!
大连网信软件有限公司© 版权所有